<?xml version="1.0" encoding="UTF-8"?>
<record
    xmlns:xsi="http://www.w3.org/2001/XMLSchema-instance"
    xsi:schemaLocation="http://www.loc.gov/MARC21/slim http://www.loc.gov/standards/marcxml/schema/MARC21slim.xsd"
    xmlns="http://www.loc.gov/MARC21/slim">

  <leader>00967nam a22001817a 4500</leader>
  <controlfield tag="003">IT-RoPau</controlfield>
  <controlfield tag="005">20220918175939.0</controlfield>
  <controlfield tag="008">130125b        xxu||||| |||| 00| 0 eng d</controlfield>
  <datafield tag="040" ind1=" " ind2=" ">
    <subfield code="c">IT-RoPau</subfield>
  </datafield>
  <datafield tag="100" ind1=" " ind2=" ">
    <subfield code="a">Lucarini</subfield>
    <subfield code="9">251</subfield>
  </datafield>
  <datafield tag="245" ind1=" " ind2=" ">
    <subfield code="a">A women for our time</subfield>
    <subfield code="b">the Servant of God Mother Thecla Merlo Co-Foundress of the Daughters of St. Paul</subfield>
  </datafield>
  <datafield tag="250" ind1=" " ind2=" ">
    <subfield code="a">I</subfield>
  </datafield>
  <datafield tag="260" ind1=" " ind2=" ">
    <subfield code="a">Boston</subfield>
    <subfield code="b">FSP</subfield>
    <subfield code="c">1974</subfield>
  </datafield>
  <datafield tag="300" ind1=" " ind2=" ">
    <subfield code="a">255 p.</subfield>
    <subfield code="c">21,5 cm</subfield>
  </datafield>
  <datafield tag="490" ind1=" " ind2=" ">
    <subfield code="a">St. Paul Edition</subfield>
    <subfield code="v">I</subfield>
  </datafield>
  <datafield tag="520" ind1=" " ind2=" ">
    <subfield code="a">Contents

Foreword
The Frail Seamstress of Castagnito d'Alba
A New Mission for the New Century
The Crucible of the Early Days
The First Group Around Mother Thecla
Rome Calls
The Plunge into the Continents
The First Overseas Journeys
The War Years
Approval of the "Sisters of the Press"
From Continent to Continent
Sowing and Reaping
Much Action, Much Prayer
At the Finish Line After the long Race
Many Institutes-Only One Mother
The Interior "Cell" of Thecla Merlo
Appendix </subfield>
  </datafield>
  <datafield tag="942" ind1=" " ind2=" ">
    <subfield code="2">ddc</subfield>
    <subfield code="c">BK</subfield>
  </datafield>
  <datafield tag="999" ind1=" " ind2=" ">
    <subfield code="c">37845</subfield>
    <subfield code="d">37845</subfield>
  </datafield>
  <datafield tag="952" ind1=" " ind2=" ">
    <subfield code="0">0</subfield>
    <subfield code="1">0</subfield>
    <subfield code="2">ddc</subfield>
    <subfield code="4">0</subfield>
    <subfield code="6">PB_4_000000000000000</subfield>
    <subfield code="7">1</subfield>
    <subfield code="a">PAULUS</subfield>
    <subfield code="b">PAULUS</subfield>
    <subfield code="d">2013-01-25</subfield>
    <subfield code="l">0</subfield>
    <subfield code="o">PB 4</subfield>
    <subfield code="r">2013-01-25 00:00:00</subfield>
    <subfield code="w">2013-01-25</subfield>
    <subfield code="y">BK</subfield>
  </datafield>
</record>
